<?xml version="1.0" encoding="UTF-8"?>
<record
    xmlns:xsi="http://www.w3.org/2001/XMLSchema-instance"
    xsi:schemaLocation="http://www.loc.gov/MARC21/slim http://www.loc.gov/standards/marcxml/schema/MARC21slim.xsd"
    xmlns="http://www.loc.gov/MARC21/slim">

  <leader>01368nam a2200325 i 4500</leader>
  <controlfield tag="003">EG-GICUC</controlfield>
  <controlfield tag="005">20260420155206.0</controlfield>
  <controlfield tag="008">260420s1935    ua ||||frg||| 000 0 ara d</controlfield>
  <datafield tag="040" ind1=" " ind2=" ">
    <subfield code="a"> EG-GICUC</subfield>
    <subfield code="b">ara</subfield>
    <subfield code="c"> EG-GICUC</subfield>
    <subfield code="d"> EG-GICUC</subfield>
    <subfield code="e">rda</subfield>
  </datafield>
  <datafield tag="041" ind1="0" ind2=" ">
    <subfield code="a">ara</subfield>
  </datafield>
  <datafield tag="082" ind1="0" ind2="4">
    <subfield code="2">21</subfield>
    <subfield code="a">342.5222</subfield>
    <subfield code="b">&#x645; &#x635; . &#x645;</subfield>
  </datafield>
  <datafield tag="092" ind1="0" ind2="4">
    <subfield code="2">21</subfield>
  </datafield>
  <datafield tag="099" ind1=" " ind2=" ">
    <subfield code="a">Law1 08 342.5222 &#x645; &#x635; . &#x645; 1935</subfield>
  </datafield>
  <datafield tag="111" ind1="2" ind2=" ">
    <subfield code="a">&#x627;&#x644;&#x62D;&#x643;&#x648;&#x645;&#x629; &#x627;&#x644;&#x645;&#x635;&#x631;&#x64A;&#x629;.</subfield>
    <subfield code="e">&#x645;&#x624;&#x644;&#x641;.</subfield>
  </datafield>
  <datafield tag="245" ind1="1" ind2="0">
    <subfield code="a">&#x642;&#x627;&#x646;&#x648;&#x646; &#x627;&#x644;&#x627;&#x646;&#x62A;&#x62E;&#x627;&#x628; : </subfield>
    <subfield code="b">&#x645;&#x631;&#x633;&#x648;&#x645; &#x628;&#x642;&#x627;&#x646;&#x648;&#x646; &#x631;&#x642;&#x645; 148 &#x644;&#x633;&#x646;&#x629; 1935 / </subfield>
    <subfield code="c">&#x627;&#x644;&#x62D;&#x643;&#x648;&#x645;&#x629; &#x627;&#x644;&#x645;&#x635;&#x631;&#x64A;&#x629;.</subfield>
  </datafield>
  <datafield tag="246" ind1="2" ind2="1">
    <subfield code="a">Loi Electorale</subfield>
  </datafield>
  <datafield tag="264" ind1=" " ind2="0">
    <subfield code="a">&#x645;&#x635;&#x631; : </subfield>
    <subfield code="b">&#x627;&#x644;&#x62D;&#x643;&#x648;&#x645;&#x629; &#x627;&#x644;&#x645;&#x635;&#x631;&#x64A;&#x629;&#x60C;</subfield>
    <subfield code="c">1935.</subfield>
  </datafield>
  <datafield tag="264" ind1=" " ind2="3">
    <subfield code="a">&#x627;&#x644;&#x642;&#x627;&#x647;&#x631;&#x629; : </subfield>
    <subfield code="b">&#x627;&#x644;&#x645;&#x637;&#x628;&#x639;&#x629; &#x627;&#x644;&#x623;&#x645;&#x64A;&#x631;&#x64A;&#x629; &#x628;&#x628;&#x648;&#x644;&#x627;&#x642;&#x60C; </subfield>
    <subfield code="c">1935.</subfield>
  </datafield>
  <datafield tag="300" ind1=" " ind2=" ">
    <subfield code="a">49 &#x635;&#x641;&#x62D;&#x629;&#x60C; &#x635;&#x641;&#x62D;&#x627;&#x62A; &#x63A;&#x64A;&#x631; &#x645;&#x631;&#x642;&#x645;&#x629; &#x61B; </subfield>
    <subfield code="c">24 &#x633;&#x645;</subfield>
  </datafield>
  <datafield tag="336" ind1=" " ind2=" ">
    <subfield code="2">rda content</subfield>
    <subfield code="a">text</subfield>
  </datafield>
  <datafield tag="337" ind1=" " ind2=" ">
    <subfield code="2">rda media</subfield>
    <subfield code="a">Computer</subfield>
  </datafield>
  <datafield tag="338" ind1=" " ind2=" ">
    <subfield code="2">rda carrier</subfield>
    <subfield code="a">Online Resource</subfield>
  </datafield>
  <datafield tag="500" ind1=" " ind2=" ">
    <subfield code="a">&#x646;&#x634;&#x631; &#x628;&#x639;&#x62F;&#x62F; &#x627;&#x644;&#x648;&#x642;&#x627;&#x626;&#x639; &#x627;&#x644;&#x645;&#x635;&#x631;&#x64A;&#x647; &#x631;&#x642;&#x645; 116 &#x63A;&#x64A;&#x631; &#x627;&#x639;&#x62A;&#x64A;&#x627;&#x62F;&#x64A; &#x627;&#x644;&#x635;&#x627;&#x62F;&#x631; &#x641;&#x64A; 20 &#x62F;&#x64A;&#x633;&#x645;&#x628;&#x631; &#x633;&#x646;&#x629; 1935.</subfield>
  </datafield>
  <datafield tag="546" ind1=" " ind2=" ">
    <subfield code="a">&#x627;&#x644;&#x646;&#x635; &#x645;&#x648;&#x627;&#x632;&#x64D; &#x628;&#x627;&#x644;&#x644;&#x63A;&#x62A;&#x64A;&#x646; &#x627;&#x644;&#x639;&#x631;&#x628;&#x64A;&#x629; &#x648;&#x627;&#x644;&#x641;&#x631;&#x646;&#x633;&#x64A;&#x629;</subfield>
  </datafield>
  <datafield tag="650" ind1="1" ind2=" ">
    <subfield code="a">&#x637;&#x631;&#x64A;&#x642;&#x629; &#x62A;&#x634;&#x643;&#x64A;&#x644; &#x627;&#x644;&#x628;&#x631;&#x644;&#x645;&#x627;&#x646;&#x627;&#x62A; / &#x627;&#x644;&#x627;&#x646;&#x62A;&#x62E;&#x627;&#x628;&#x627;&#x62A;</subfield>
    <subfield code="2">qrmak</subfield>
  </datafield>
  <datafield tag="651" ind1="1" ind2=" ">
    <subfield code="2">qrmak</subfield>
  </datafield>
  <datafield tag="856" ind1="4" ind2="0">
    <subfield code="u">https://fll.law.cu.edu.eg/fulltext/bks/B08-03903.pdf</subfield>
  </datafield>
  <datafield tag="905" ind1=" " ind2=" ">
    <subfield code="a">62</subfield>
  </datafield>
  <datafield tag="942" ind1=" " ind2=" ">
    <subfield code="2">ddc</subfield>
    <subfield code="n">0</subfield>
    <subfield code="c">BK</subfield>
    <subfield code="e">21</subfield>
  </datafield>
  <datafield tag="999" ind1=" " ind2=" ">
    <subfield code="c">72299</subfield>
    <subfield code="d">72299</subfield>
  </datafield>
  <datafield tag="952" ind1=" " ind2=" ">
    <subfield code="0">0</subfield>
    <subfield code="1">0</subfield>
    <subfield code="2">ddc</subfield>
    <subfield code="4">0</subfield>
    <subfield code="7">0</subfield>
    <subfield code="8">&#x627;&#x644;&#x642;&#x627;&#x646;&#x648;&#x646; &#x627;&#x644;&#x62F;&#x633;&#x62A;&#x648;&#x631;&#x64A;</subfield>
    <subfield code="a">CU</subfield>
    <subfield code="b">LAW1</subfield>
    <subfield code="d">2026-04-20</subfield>
    <subfield code="l">0</subfield>
    <subfield code="o">Law1 08 342.5222 &#x645; &#x635; . &#x645; 1935 0803903 C1</subfield>
    <subfield code="p">B08-03903</subfield>
    <subfield code="r">2026-04-20 15:52:46</subfield>
    <subfield code="t">1</subfield>
    <subfield code="w">2026-04-20</subfield>
    <subfield code="y">BK</subfield>
  </datafield>
  <datafield tag="952" ind1=" " ind2=" ">
    <subfield code="0">0</subfield>
    <subfield code="1">0</subfield>
    <subfield code="2">ddc</subfield>
    <subfield code="4">0</subfield>
    <subfield code="7">0</subfield>
    <subfield code="8">&#x627;&#x644;&#x642;&#x627;&#x646;&#x648;&#x646; &#x627;&#x644;&#x625;&#x62F;&#x627;&#x631;&#x64A;</subfield>
    <subfield code="a">CU</subfield>
    <subfield code="b">LAW1</subfield>
    <subfield code="d">2026-04-21</subfield>
    <subfield code="l">0</subfield>
    <subfield code="o">Law1 08 342.5222 &#x645; &#x635; . &#x645; 1935 0803904 C2</subfield>
    <subfield code="p">B08-03904</subfield>
    <subfield code="r">2026-04-21 14:38:46</subfield>
    <subfield code="t">2</subfield>
    <subfield code="w">2026-04-21</subfield>
    <subfield code="y">BK</subfield>
  </datafield>
</record>
